• 首页
  • 本馆介绍
  • 公告通知
  • 最新文献
  • 馆藏检索
  • 电子资源
  • 读者导购
  • 参考咨询
  • 我的图书馆
  • 登录
  • 详细信息显示
  • 放入我的书架
  • 预约/预借图书
  • 作者相关作品
  • 分类相关作品
  • 丛书相关作品
  • 出版社相关作品

书目信息

  • 表格格式
  • 工作单格式
  • 卡片格式
题名:
初学者使用电脑150个怎么办
    
 
作者: 赵三宜 著
分册:  
出版信息: 北京   光明日报出版社  1994.7
页数: 255页
开本: 19cm
丛书名: 起步丛书
单 册:
中图分类: TP36-49 , TP36
科图分类:
主题词: 微型计算机--基本知识
电子资源:
ISBN: 7-80091-522-0
000 00851nam2 2200265 45
001 0194044299
005 20070726160416.57
010    @a7-80091-522-0@dCNY6.90
100    @a19931213d1994 em y0chiy0121 ea
101 0  @achi
102    @aCN@b110000
105    @ay z 000yy
200 10 @a初学者使用电脑150个怎么办@ACHU XUE ZHE SHI YONG DIAN NAO 150 GE ZEN ME BAN@f赵三宜等著@FZHAO SAN YI DENG ZHU
210    @a北京@c光明日报出版社@d1994.7
215    @a255页@d19cm
225 2  @a起步丛书
330    @a本书所设150个问答题,按内容分为:购买安装电脑、使用电脑、维修和保养电脑3部分。
410  0 @120010@a起步丛书
540 1  @a初学者 电脑@ACHU XUE ZHE DIAN NAO
606    @a微型计算机@x基本知识
690    @aTP36-49@v3
690    @aTP36@v三版
701  0 @a赵三宜@AZHAO SAN YI@4著
801  0 @aCN@bTSSF@c20070726
905    @a10447@dTP36-49@e276
    
    初学者使用电脑150个怎么办/赵三宜等著.-北京:光明日报出版社,1994.7
    255页;19cm.-(起步丛书)
    
    
    ISBN 7-80091-522-0:CNY6.90
    本书所设150个问答题,按内容分为:购买安装电脑、使用电脑、维修和保养电脑3部分。
●
相关链接 在E读中查询图书 在五车中查询图书 在当当中查询图书 在豆瓣中查询图书


正题名:初学者使用电脑150个怎么办     索取号:TP36-49/276         预约/预借

序号 登录号 条形码 馆藏地/架位号 状态 备注
1 0274230   001641637   第三借阅区/ [索取号:TP36-49/276] 在馆    
2 0274231   001513623   第二样本阅览室/ [索取号:TP36-49/276] 在馆    
3 0783952   207839525   第三借阅区/ [索取号:TP36-49/276] 在馆    
唐山师范学院图书馆 欢迎您!
大连网信软件有限公司© 版权所有